JetPunk will be down very briefly at 3:00PM EST (12:00PM PST, 8:00PM GST)

Statistics for Nationalities of Manchester United players

Click here to take the quiz!

General Stats

  • This quiz has been taken 584 times
  • The average score is 26 of 40

Answer Stats

HintAnswer% Correct
521England
99%
12France
96%
6Spain
95%
155Scotland
94%
44Wales
93%
6Argentina
90%
6Brazil
90%
11Netherlands
89%
1Germany
88%
3Portugal
88%
5Italy
87%
3Sweden
85%
32Ireland
85%
27Northern Ireland
81%
4Belgium
79%
5Norway
76%
5Denmark
74%
1Japan
74%
4USA
71%
1South Korea
70%
2Serbia
65%
1Mexico
64%
1Poland
57%
2Uruguay
55%
1Australia
54%
1China
53%
1Colombia
52%
1Ecuador
48%
1South Africa
46%
1Bulgaria
44%
1Ukraine
42%
1Ivory Coast
41%
1Switzerland
41%
1Czech Republic
39%
1Cameroon
36%
1Trinidad and Tobago
32%
1Senegal
30%
1Armenia
27%
1Angola
15%
1Yugoslavia
9%

Score Distribution

Percentile by Number Answered

Percent of People with Each Score

Your Score History

You have not taken this quiz